000 00810nam a22002297a 4500
003 UA-OsUOA
001 46438
007 ta
008 20120221b un ||||| |||| 00| 0 ukr d
090 _a929
_bИ99
942 _cBK
040 _aUA-OsUOA
_bukr
_cUA-OsUOA
_dUA-OsUOA
245 _aІван Якович Франко. Життя і творчість в портретах, ілюстраціях, документах. До 10-ліття з дня народження
300 _a295 с.
955 _a4
041 _aukr
080 _a929
260 _aК.
_bРадянське школа
_c1956
650 7 _a9 Географія. Біографії. Історія
_2UDC
999 _c426541
_d426541